Workbook 5 : EP : 3er ciclo

Gespeichert in:
Bibliographische Detailangaben
Format: Buch
Sprache:Englisch
Erschienen: Barcelona : Edebé, 1994
Katalog:MANES:  Suchergebnis im Bibliothekskatalog
Schulbuchspezifische Eigenschaften:
Tags: Tag hinzufügen
Keine Tags, Fügen Sie den ersten Tag hinzu!
Hinzugefügt zu:26.08.2003
Geändert in:20.05.2026

MARC

LEADER 00000nam a2200000 a 4500
001 .b2995298
003 ES-BaCBU
005 20260520184501.0
008 030827s1994 spca b|l 000 ||eng|c
561 |5 es-CRAI  |3 p1 TX EP 1/5 EDE  |a España. Biblioteca Universitat de Barcelona  |k MANES 
999 |c 89307  |d 89307 
020 |a 8423628698 
035 |a 8423628698  |a 0772-83160 
040 |a ES-BaUB  |b cat  |c ES-BaUB 
245 0 0 |a Workbook 5 :  |b EP : 3er ciclo 
260 |a Barcelona :  |b Edebé,  |c 1994 
300 |a 60 p.:  |b il. col.;  |c 27 cm 
546 |a España 
690 0 |a LE 
691 0 |a PRI 
942 |2 ddc  |c BK 
999 |c manes:89307  |d 89307